000 00313nam a22001337a 4500
008 170622b xxu||||| |||| 00| 0 eng d
020 _a9781929223107
041 _aeng
080 _a32
100 _a21
101 _aSHP
245 _a CASE STUDIES JAPANESE NEGOTIATIND BEHAVIOR
_cVOGEL.E
942 _2udc
_cBK
999 _c18847
_d18847